Les merveilles dans Civilization 6 - Statistiques

Statistiques générales
  • Ce quiz a été pris 40 fois
  • Le résultat moyen est 22 sur 53
Statistiques - réponses
Ère Réponse % Correct
Tour Eiffel
83%
Colisée
75%
Grand phare
75%
Jardins suspendus
75%
Pyramides
75%
Statue de la Liberté
67%
Christ Rédempteur
63%
Colosse
63%
Stonehenge
63%
Grand bain
58%
Mont Saint Michel
58%
Ruhr
58%
Statue de Zeus
58%
Industrielle Big Ben
54%
Chichén Itzá
54%
Grande bibliothèque
54%
Temple d'Artemis
54%
Cité interdite
50%
Mausolée d'Halicarnasse
50%
Moderne Broadway
46%
Machu Picchu
46%
Pétra
46%
Médiévale Alhambra
42%
Opéra de Sydney
42%
Palais du Potala
42%
Sainte Sophie
42%
Taj Mahal
42%
Armée de terre cuite
38%
Grand Zimbabwe
38%
Oracle
38%
Pont du Golden Gate
38%
Cathédrale Saint Basile
33%
Ermitage
33%
Antique Etemenanki
33%
Angkor Vat
29%
Canal du Panama
29%
Torre de Belém
29%
Université de Sankoré
29%
Université d'Oxford
29%
Atomique Base antarctique Amunsen-Scott
25%
Biosphère
25%
Gebel Barkal
25%
Stade Maracanã
25%
Templo Mayor
25%
Théâtre Bolchoï
25%
Classique Apadana
21%
Renaissance Arsenal de Venise
21%
Temple de la Mahabodhi
21%
Casa de Contratación
13%
Országház
13%
Temple de Mînâkshî
8%
Kilwa Kisiwani
4%
Kotoku-in
4%
Aucun quiz correspondant
Distribution des résultats
% des personnes avec chaque résultat
Percentile par nombre de réponses
Votre historique - résultats
Vous n’avez pas pris ce quiz